000 00358nam a2200121Ia 4500
008 210430s9999 xx 000 0 und d
082 _a839.4391 M236A
100 _aMalik Nadeem Shafique.
245 _aAllama Iqbal kay chand nadir-o- nayab khatoot
_cMalik Nadeem Shafique.
260 _aLahore.
_bFiction House.
_c2015
300 _a384p.
942 _cBK
_2ddc
999 _c565534
_d565534